00482nam a22001337a 4500020001600000082000800016100001800024245010900042260003500151300002600186650004600212700003300258856005700291 qHard Cover. a200 aAbbas, Asghar aQuality assessment of Lead acid battery formed panels using Image Processing Technique/. cAsghar Abbas. aKarachi :bPNEC - NUST,c2016. a95 p. : ill. ;c30cm. aMS-Industrial & Manufacturing Engineering aSupervisor. Sohaib Zia Khan. uhttp://10.250.8.41:8080/xmlui/handle/123456789/22438